000 00673nam a2200181Ia 4500
008 090124s9999 xx 000 0 und d
082 _b10350
100 _aटिळक अशोक देवदत्त
245 _a विश्रब्ध शारदा खुर्द
250 _a0
260 _bमायावती अशोक टिऴक
_c1978
300 _a180
600 _aटिळक अशोक देवदत्त
630 _a विश्रब्ध शारदा खुर्द
700 _aटिळक अशोक देवदत्त
730 _a विश्रब्ध शारदा खुर्द
942 _cBOOK
999 _c85855
_d85855